000 00473nam a2200157Ia 4500
008 241217s9999||||xx |||||||||||||| ||und||
020 _a0-201-75568-8
_c0
040 _beng
_cSSK Library
_erda
082 _a428.24/FRA
100 _a Robin Mills & Laurie Frazier
245 0 _aNorthstar Listening And Speaking Basic/Low Intermediate
260 _b Pearson Education, Inc.
_c©2004
942 _2Dewey Decimal Classification
_cBOOK
_nNo
999 _c25248
_d25248
003 OSt
005 20241217112946.0